Letters from an american farmer

Sparad:
Bibliografiska uppgifter
Huvudupphovsman: Crevecoeur, J. Hector St. John
Materialtyp: Bok
Språk:Undetermined
Publicerad: New York, Estados Unidos Dolphin Books [s.f.]
Ämnen:
Taggar: Lägg till en tagg
Inga taggar, Lägg till första taggen!

MARC

LEADER 00000nam a2200000Ia 4500
008 170316s9999 xx 000 0 und d
090 |a 810 C-25L 
100 |a Crevecoeur, J. Hector St. John 
245 |a Letters from an american farmer 
260 |a New York, Estados Unidos 
260 |b Dolphin Books 
260 |c [s.f.] 
300 |a 235 páginas 
650 |a LITERATURA ESTADOUNIDENSE 
999 |c 20909  |d 20909 
040 |a cru BVZT 
942 |c 15 D  |h 810 C-25L  |2 z